| 000 -LEADER |
| fixed length control field |
00883cam a22002531 4500 |
| 003 - CONTROL NUMBER IDENTIFIER |
| control field |
OSt |
| 005 - DATE AND TIME OF LATEST TRANSACTION |
| control field |
20220111201640.0 |
| 008 - FIXED-LENGTH DATA ELEMENTS--GENERAL INFORMATION |
| fixed length control field |
700820s1968 nyuab b 000 0 eng |
| 020 ## - INTERNATIONAL STANDARD BOOK NUMBER |
| International Standard Book Number |
9789389109344 |
| 040 ## - CATALOGING SOURCE |
| Original cataloging agency |
DLC |
| Transcribing agency |
DLC |
| Modifying agency |
DLC |
| 043 ## - GEOGRAPHIC AREA CODE |
| Geographic area code |
a-ii--- |
| 082 00 - DEWEY DECIMAL CLASSIFICATION NUMBER |
| Classification number |
913.3403 |
| Item number |
BAS |
| 100 1# - MAIN ENTRY--PERSONAL NAME |
| Personal name |
Basham, A. L. |
| Fuller form of name |
(Arthur Llewellyn) |
| 245 14 - TITLE STATEMENT |
| Title |
The wonder that was India; |
| Remainder of title |
a survey of the history and culture of the Indian sub-continent before the coming of the Muslims |
| Statement of responsibility, etc |
[by] A. L. Basham. |
| 250 ## - EDITION STATEMENT |
| Edition statement |
3d rev. ed. |
| 260 ## - PUBLICATION, DISTRIBUTION, ETC. (IMPRINT) |
| Place of publication, distribution, etc |
New York, |
| Name of publisher, distributor, etc |
Taplinger Pub. Co. |
| Date of publication, distribution, etc |
[1968] |
| 300 ## - PHYSICAL DESCRIPTION |
| Extent |
xxiii, 572 p. |
| Other physical details |
illus. (part col.), maps. |
| Dimensions |
24 cm. |
| 504 ## - BIBLIOGRAPHY, ETC. NOTE |
| Bibliography, etc |
Bibliography: p. 518-543. |
| 651 #0 - SUBJECT ADDED ENTRY--GEOGRAPHIC NAME |
| Geographic name |
India |
| General subdivision |
Civilization |
| Chronological subdivision |
To 1200. |
| 651 #0 - SUBJECT ADDED ENTRY--GEOGRAPHIC NAME |
| Geographic name |
India |
| General subdivision |
History |
| Chronological subdivision |
To 324 B.C. |
| 651 #0 - SUBJECT ADDED ENTRY--GEOGRAPHIC NAME |
| Geographic name |
India |
| General subdivision |
History |
| Chronological subdivision |
324 B.C.-1000 A.D. |
| 906 ## - LOCAL DATA ELEMENT F, LDF (RLIN) |
| a |
7 |
| b |
cbc |
| c |
orignew |
| d |
u |
| e |
ncip |
| f |
19 |
| g |
y-gencatlg |
| 942 ## - ADDED ENTRY ELEMENTS (KOHA) |
| Source of classification or shelving scheme |
|